000 01147nam a2200313 i 4500
003 EG-GICUC
005 20260121101346.0
008 251126b1997 ua ||||fr|||| 00| 0 ara d
040 _a EG-GICUC
_bara
_c EG-GICUC
_d EG-GICUC
_erda
041 0 _aara
082 0 4 _221
_a345.4
_bأ ن . و
092 0 4 _221
099 _aLaw1 07 345.4 أ ن . و 1997
100 0 _aأنور أحمد رسلان
_eمؤلف.
245 1 2 _aالوسيط في القانون الإداري.
_nالجزء الثاني،
_pالوظيفة العامة /
_cأنور أحمد رسلان.
264 1 _aالقاهرة :
_bدار النهضة العربية،
_c1997.
300 _a380 ؛ صفحة
_c24 سم.
336 _2rda content
_atext
337 _2rda media
_aComputer
338 _2rda carrier
_aOnline Resource
504 _aيشتمل على ارجاعات ببليوجرافية.
546 _aالنص باللغة العربية
650 1 4 _aالوظيفة العامة
650 1 4 _aالقانون الإداري
651 1 _2qrmak
856 4 0 _uhttps://fll.law.cu.edu.eg/fulltext/bks/B07-01280.pdf
905 _a32
_eYara
942 _2ddc
_cBK
_e21
_n0
999 _c46161
_d46161